000 00481pab a2200181 454500
008 180718b2007 xxu||||| |||| 00| 0 eng d
100 _aFilion, Pierre
245 _aSmart growth and development reality: the difficult co-ordination of land use and transport objectives
260 _c2007
300 _ap.501-23.
362 _aMar
650 _aTransport
650 _aLand use
700 _aMcSpurren, Kathleen
773 _aUrban Studies
908 _aN
909 _a75394
999 _c75394
_d75394